00684nam a2200169 a 4500001001000000003000900010005001700019008003500036040002500071082002900096100004000125245010400165260007700269300002400346500007300370651007100443000025524DO-SdBNP20240412132058.0110217s1983 dr r 000 0 spa d aDO-SdBNPbspacBPMSU 4a972.9304bL864m 19832221 aLópez Morillo, Adrianod1837-191310aMemorias sobre la segunda reincorporación de Santo Domingo a España /cAdriano López Morillo. aSanto Domingo :bSociedad Dominicana de Bibliófilos,fCorripio,c1983. av. :bil. ;c25 cm. aIncluye referencias bibliográficas y notas al pie de las páginas 4aRepública Dominicana xHistoria yAnexión a España 1861-1865